[Event "BEL-ch U18/20"]
[Site "Bruges"]
[Date "2012.04.13"]
[Round "8"]
[White "Rosskamp, Bob"]
[Black "Comhaire, Cedric"]
[Result "1-0"]
[WhiteElo "1737"]
[BlackElo "1893"]
[PlyCount "77"]
[EventDate "2012.04.08"]
[EventType "swiss"]
[EventRounds "9"]
[EventCountry "BEL"]
[SourceTitle "CBM 147 Extra"]
[Source "ChessBase"]
[SourceDate "2012.04.24"]
[SourceVersion "1"]
[SourceVersionDate "2012.04.24"]
[SourceQuality "1"]

1. e4 c5 2. Nf3 e6 3. d4 cxd4 4. Nxd4 Nf6 5. Nc3 Nc6 6. Ndb5 Bb4 7. a3 Bxc3+ 8. Nxc3 d5 9. exd5 exd5 10. Bd3 Bg4 11. f3 Bh5 12. Qe2+ Qe7 13. Qxe7+ Nxe7 14. Bg5 0-0 15. 0-0 d4 16. Ne4 Ned5 17. Nxf6+ Nxf6 18. Rad1 Rac8 19. Rfe1 Rc7 20. Bf4 Rd7 21. Bb5 Rdd8 22. Be5 a6 23. Ba4 Nd5 24. Bxd4 Nf4 25. Bb6 Rd5 26. Rxd5 Nxd5 27. Bc5 Rc8 28. Re5 Nf6 29. Bb4 Bg6 30. c3 h6 31. Ba5 b5 32. Bb3 Nd7 33. Rd5 Nc5 34. Bd1 Nd3 35. b3 Nb2 36. Be2 b4 37. Bxb4 Re8 38. Rd2 Nd3 39. Bxd3 1-0

[Event "BEL-ch U18/20"]
[Site "Bruges"]
[Date "2012.04.10"]
[Round "4"]
[White "Rosskamp, Bob"]
[Black "Decrop, Benjamin"]
[Result "0-1"]
[WhiteElo "1737"]
[BlackElo "1923"]
[PlyCount "52"]
[EventDate "2012.04.08"]
[EventType "swiss"]
[EventRounds "9"]
[EventCountry "BEL"]
[SourceTitle "CBM 147 Extra"]
[Source "ChessBase"]
[SourceDate "2012.04.24"]
[SourceVersion "1"]
[SourceVersionDate "2012.04.24"]
[SourceQuality "1"]

1. e4 c5 2. Nf3 d6 3. d4 cxd4 4. Nxd4 Nf6 5. Nc3 g6 6. Be3 Bg7 7. f3 0-0 8. Bc4 Nc6 9. Qd2 Bd7 10. 0-0-0 Ne5 11. Bb3 Qa5 12. Kb1 Rfc8 13. Bg5 Nc4 14. Qd3 Nxb2 15. Kxb2 Qxg5 16. g4 Qc5 17. Nce2 a5 18. a4 b5 19. axb5 a4 20. Ba2 Bxb5 21. Nxb5 Nxe4+ 22. Kc1 Nf2 23. Qd2 Qxb5 24. Nd4 Bxd4 25. Qxd4 Nxh1 26. Rxh1 Qc5 0-1

[Event "BEL-ch U16"]
[Site "Houffalize"]
[Date "2009.04.17"]
[Round "7"]
[White "Decrop, Benjamin"]
[Black "Rosskamp, Bob"]
[Result "1/2-1/2"]
[WhiteElo "1787"]
[BlackElo "1421"]
[PlyCount "115"]
[EventDate "2009.04.13"]
[EventType "swiss"]
[EventRounds "9"]
[EventCountry "BEL"]
[SourceTitle "EXT 2012"]
[Source "ChessBase"]
[SourceDate "2011.11.24"]
[SourceVersion "1"]
[SourceVersionDate "2011.11.24"]
[SourceQuality "1"]

1. e4 e5 2. Nf3 Nf6 3. Nc3 Bb4 4. Bc4 0-0 5. d3 d6 6. Bd2 Bg4 7. h3 Bh5 8. 0-0 Nc6 9. a3 Ba5 10. b4 Bb6 11. Be3 Nd4 12. Bxd4 Bxf3 13. gxf3 Bxd4 14. Qd2 Nh5 15. Kh2 Nf4 16. Rg1 Qh4 17. Rg3 Bxc3 18. Qxc3 Ne2 19. Qd2 Nxg3 20. fxg3 Qf6 21. Kg2 a6 22. Rh1 Qg5 23. Qf2 c6 24. h4 Qd8 25. Bb3 b5 26. g4 g6 27. Qe3 Kg7 28. g5 h5 29. f4 exf4 30. Qxf4 Qe7 31. Rf1 f5 32. exf5 Rxf5 33. Qd4+ Qe5 34. Qxe5+ dxe5 35. Rxf5 gxf5 36. Be6 e4 37. Bxf5 e3 38. Be4 Rf8 39. Bf3 Rf7 40. Kg3 Rf5 41. Kg2 c5 42. c3 cxb4 43. axb4 Rf8 44. Kg3 Rc8 45. Bxh5 Rxc3 46. Be2 Rb3 47. Kf3 Rxb4 48. h5 a5 49. Kxe3 a4 50. Bf3 a3 51. h6+ Kg6 52. Bh5+ Kh7 53. Bf7 Ra4 54. Ba2 Kg6 55. d4 Ra7 56. Kd3 Kxg5 57. Kc3 Ra4 58. h7 1/2-1/2